00640nam a2200181 a 450000500170000000800410001702000180005805000260007610000270010224500520012925000230018126000500020430000180025444000130027265000360028599900190032195201180034020140412111337.0040525s19uu xx 00 eng d a0-15-315511-6 aTR(GS 510.7bA26 2002 aAndrews, Angela Giglio aHarcourt math /cAngela Giglio Andrews & et al. aCalifornia Edition aOrlando :bHarcourt School Publishers,c2002. axv p.; 455 p. aHarcourt aMathematicsxStudy and teaching c105045d105045 00104050aELbELcTRd2004-05-25eDonationl0oTR(GS 510.7 A26 2002pE9329r2014-04-12 00:00:00w2014-04-12yBK